Представление документа в формате RUSMARC

ПолеНазваниеЗначение
  Тип записи a
  Библиографический уровень m
001 Контрольный номер RU/CBS_UL/BASE/37a5e66c87a44bb8b0ebc22d97fb0238
005 Дата корректировки 20260114095543.0
010 Индекс ISBN __
a ISBN 978-5-00219-076-8
b Уточнения в пер.
d Цена 452 р. 75 к.
9 Тираж 4 000 экз.
100 Данные общей обработки __
a Данные общей обработки 20250804d 0rusy0189## ca
101 Язык документа 0_
a Язык текста rus
102 Страна публикации __
a Страна публикации RU
200 Заглавие и сведения об ответственности 1_
a Заглавие Сказки народов России
g Последующие сведения об ответственности коллектив художников
e Сведения, относящиеся к заглавию о доброте и дружбе, о смелости и трудолюбии
210 Выходные данные 1_
a Место издания Москва
c Издательство Детская и юношеская книга
d Дата издания 2024
215 Физическое описание __
a Объем 124, [1] с.
d Формат 22 см.
c Иллюстрации/тип воспроизводства ил.
225 Серия 2_
a Серия Классная библиотека
225 Серия 2_
a Серия Начальная школа
300 Общие примечания __
a Общие примечания 6+ ; (Мл)
606 Тематические рубрики 0_
a Основная рубрика Фольклор России - Сказки
610 Ключевые слова 0_
a Ключевые слова сказки народов России; фольклор; волшебство; мудрость народная; сказки про животных; волшебные сказки; чудеса; приключения; национальные герои; внеклассное чтение
686 Индексы других классификаций __
2 Код системы rubbk
a Классификационный индекс 82.3(2Рос)
801 Источник записи _0
a Страна RU
b Организация МБУК ЦБС г. Ульяновска
c Дата составления 20250804
g Правила каталогизации RCR
801 Источник записи _1
a Страна RU
b Организация МБУК ЦБС г. Ульяновска
c Дата составления 20250804
g Правила каталогизации RCR
852 Данные о местонахождении __
i Авторский знак С 42
j Шифр хранения 82.3(2Рос)
900 Электронные ресурсы __
a Имя электронного ресурса ск нар рос КБ
901 Тип документа __
t Тип документа m